Statistieken voor Denemarken

Klik hier om de quiz te nemen!

Algemene statistieken

  • Deze quiz is 87 keer genomen
  • De gemiddelde score is 7 van 10

Antwoordstatistieken

VraagAntwoord% Correct
Wat is de Hoofdstad van Denemarken?Kopenhagen
100%
Wat voor gemiddeld klimaat heeft Denemarken?gematigd zeeklimaat
90%
Wat gebruiken de Deense mensen voor geld?Kroon
90%
Welke vlag hoort bij een eiland van Denemarken?
70%
Hoeveel inwoners heeft Denemarken ongeveer?6.000.000
70%
Wat zijn de landgren(zen) van Denemarken?Duitsland
67%
Hoe schrijf je Kopenhagen in het Deens?København
67%
Hoe zeg je Denemarken in het Deens?Danmark
53%
Wat heeft Denemarken voor grote prijzen gewonnen in voetbal?het Europees kampioenschap
50%
Wat heeft Denemarken het langst?de oudste vlag
40%

Scoreverdeling

Percentiel versus Aantal Correcte Antwoorden

Procent van Mensen met Elke Score

Uw Scoregeschiedenis

U heeft deze quiz nog niet genomen